000 00602nam a2200217 i 4500
001 bg
100 1 _aLEWANDOWSKI, Mirosław
245 1 0 _aTworzenie makr w VBA dla Excela 2002/XP PL :
_bćwiczenia zaawansowane /
_cMirosław Lewandowski.
260 _aGliwice :
_b"Helion",
_c2003.
300 _a178 s. :
_brys. ;
_c24 cm.
650 9 _aExcel
650 9 _aVisual Basic
_xstosowanie
655 _aPodręczniki
020 _a8373612041
040 _cBPK
041 0 _apol
080 _a004.42:004.38](07)
920 _a83-7361-204-1
942 _cKS
008 s pl f |000 0 pol
999 _c52783
_d52783
856 _uhttp://koha.tu.koszalin.pl/cgi-bin/koha/opac-detail.pl?biblionumber=52783
_yKatalog online BPK